Alma serena / (Record no. 123665)
[ view plain ]
| 000 -LEADER | |
|---|---|
| campo de control de longitud fija | 00687nam a2200193 4500 |
| 001 - NÚMERO DE CONTROL | |
| campo de control | 123665 |
| 003 - IDENTIFICADOR DE NÚMERO DE CONTROL | |
| campo de control | ES-MaACL |
| 005 - FECHA Y HORA DE LA ÚLTIMA TRANSACCIÓN | |
| campo de control | 20250508212559.0 |
| 007 - CAMPO FIJO DE DESCRIPCIÓN FÍSICA--INFORMACIÓN GENERAL | |
| campo de control de longitud fija | t| |
| 008 - DATOS DE LONGITUD FIJA--INFORMACIÓN GENERAL | |
| campo de control de longitud fija | 070214s1965 sp r ||||1| spa d |
| 100 1# - ENTRADA PRINCIPAL--NOMBRE DE PERSONA | |
| Nombre de persona | Quintana Marrero, Ignacio. |
| 9 (RLIN) | 94690 |
| 245 10 - MENCIÓN DEL TÍTULO | |
| Título | Alma serena / |
| Mención de responsabilidad, etc. | Ignacio Quintana Marrero ; prólogo de Ventura Doreste ; portada retrato del autor e ilustraciones de Carlos Morón. |
| 260 ## - PUBLICACIÓN, DISTRIBUCIÓN, ETC. | |
| Lugar de publicación, distribución, etc. | Las Palmas de Gran Canaria : |
| Nombre del editor, distribuidor, etc. | [s.n.], |
| Fecha de publicación, distribución, etc. | 1965 ( |
| Fabricante | Litografía Saavedra) |
| 300 ## - DESCRIPCIÓN FÍSICA | |
| Extensión | 89 p. : |
| Otras características físicas | il. `retr. aut` ; |
| Dimensiones | 24 cm. |
| 700 1# - ENTRADA AGREGADA--NOMBRE PERSONAL | |
| Nombre de persona | Doreste, Ventura |
| 9 (RLIN) | 45393 |
| 700 1# - ENTRADA AGREGADA--NOMBRE PERSONAL | |
| Nombre de persona | Morón, Carlos. |
| 9 (RLIN) | 83635 |
| 852 ## - LOCALIZACIÓN | |
| Ubicación | ES-MaACL |
| Número de control de estantería | C-27618 |
| Sublocalización o colección | R.56836 |
| Estatus retirado | Estado de pérdida | Estado de daño | No para préstamo | Biblioteca de origen | Biblioteca actual | Ubicación en estantería | Fecha de adquisición | Fuente de adquisición | Total de préstamos | Signatura topográfica completa | Código de barras | Visto por última vez | Precio de reemplazo | Tipo de ítem Koha |
|---|---|---|---|---|---|---|---|---|---|---|---|---|---|---|
| Biblioteca del Ateneo de Madrid | Biblioteca del Ateneo de Madrid | Depósito 2 | 17/01/2008 | C-27618 | 1128843 | 23/02/2023 | 23/02/2023 | Libro impreso |
